Protective armor engineering design / (Record no. 32365)

000 -LEADER
fixed length control field 00691nam a22001817a 4500
008 - FIXED-LENGTH DATA ELEMENTS--GENERAL INFORMATION
fixed length control field 260323b |||||||| |||| 00| 0 eng d
020 ## - INTERNATIONAL STANDARD BOOK NUMBER
International Standard Book Number 9781771887878
050 ## - LIBRARY OF CONGRESS CALL NUMBER
Classification number U825
Item number .E6 2020
100 ## - MAIN ENTRY--PERSONAL NAME
Personal name El Messiry, Magdi,
Dates associated with a name author.
245 ## - TITLE STATEMENT
Title Protective armor engineering design /
Statement of responsibility, etc. Magdi El Messiry.
260 ## - PUBLICATION, DISTRIBUTION, ETC. (IMPRINT)
Place of publication, distribution, etc. Apple academic press :
Name of publisher, distributor, etc. Florida,
Date of publication, distribution, etc. 2020.
300 ## - PHYSICAL DESCRIPTION
Extent xix, 328p. :
Other physical details illustrations ;
Dimensions 21cm.
504 ## - BIBLIOGRAPHY, ETC. NOTE
Bibliography, etc Includes bibliographical references and index.
650 ## - SUBJECT ADDED ENTRY--TOPICAL TERM
Topical term or geographic name as entry element Body armor
General subdivision Design and construction
650 ## - SUBJECT ADDED ENTRY--TOPICAL TERM
Topical term or geographic name as entry element Ballistic fabrics
General subdivision Design and construction
650 ## - SUBJECT ADDED ENTRY--TOPICAL TERM
Topical term or geographic name as entry element Protective clothing
General subdivision Design and construction
942 ## - ADDED ENTRY ELEMENTS (KOHA)
Source of classification or shelving scheme
Koha item type Hard Covered Materials
Classification part U825 .E6 2020
Holdings
Withdrawn status Lost status Source of classification or shelving scheme Damaged status Not for loan Home library Current library Shelving location Date acquired Source of acquisition Cost, normal purchase price Total Checkouts Full call number Barcode Date last seen Price effective from Koha item type
          MACHAKOS UNIVERSITY LIBRARY MACHAKOS UNIVERSITY LIBRARY Open shelf 16/10/2025 Falcon books 8580.00   U825 .E6 2020 40318 10/06/2026 23/03/2026 Hard Covered Materials
          MACHAKOS UNIVERSITY LIBRARY MACHAKOS UNIVERSITY LIBRARY Open shelf 16/10/2025 Falcon books 8580.00   U825 .E6 2020 40319 10/06/2026 23/03/2026 Hard Covered Materials
          MACHAKOS UNIVERSITY LIBRARY MACHAKOS UNIVERSITY LIBRARY Open shelf 16/10/2025 Donation - Falcon Books E.A 8580.00   U825 .E6 2020 40442 11/06/2026 25/03/2026 Hard Covered Materials
© Machakos University Library, Along The Highway, Machakos Wote Rd, Machakos, Kenya P.O. Box 136 - 90100 Machakos - Kenya

Tel: ( +254 ) 723 805829 OR Fax : 044-20353 OR Email: library@mksu.ac.ke